Estudio de la Pre factibilidad técnica y financiera sobre el uso potencial de las técnicas de superficie XPS y espectroscopia Auger en los materiales utilizados en la industria de dispositivos médicos en Costa Rica
में बचाया:
| मुख्य लेखक: | |
|---|---|
| अन्य लेखक: | |
| स्वरूप: | पुस्तक |
| भाषा: | Spanish |
| प्रकाशित: |
San José, Costa Rica
2019
|
| विषय: | |
| टैग: |
टैग जोड़ें
कोई टैग नहीं, इस रिकॉर्ड को टैग करने वाले पहले व्यक्ति बनें!
|
MARC
| LEADER | 00000nam a22000007a 4500 | ||
|---|---|---|---|
| 003 | 013090 | ||
| 005 | 20230504105331.0 | ||
| 008 | 190715b2019 c a|||| ||m| 00| ||spa d | ||
| 040 | |c cru CEDI | ||
| 100 | |9 470 |a Luna Muñoz, María Fernanda, 1991- | ||
| 245 | |a Estudio de la Pre factibilidad técnica y financiera sobre el uso potencial de las técnicas de superficie XPS y espectroscopia Auger en los materiales utilizados en la industria de dispositivos médicos en Costa Rica | ||
| 260 | |a San José, Costa Rica |c 2019 | ||
| 500 | |a Proyecto de graduación(licenciatura en ingeniería química)--Universidad de Costa Rica. Facultad de Ingeniería. Escuela de Ingeniería Química | ||
| 501 | |a Director de Proyecto de Graduación: Ing. Lautaro Ramírez Varas, Ph.D. | ||
| 650 | |x MATERIALES BIOMEDICOS |x SUPERFICIES (TECNOLOGIA) - ANALISIS |x LABORATORIOS - COSTA RICA |x ESPECTROSCOPIA DE RAYOS-X |x ESPECTROSCOPIA FOTOELECTRONICA |x ESTUDIOS DE FACTIBILIDAD |x LABORATORIOS - NORMAS |x ANALISIS FINANCIERO |x MEDICINA - APARATOS E INSTRUMENTOS - COSTA RICA | ||
| 700 | |9 463 |a Ramírez Varas, Lautaro, 1981- |d Director del TFG | ||
| 942 | |c CEDI |h TFG 8240 |6 TFG_8240_000000000000000 | ||
| 999 | |c 21752 |d 21752 | ||
